| 000 | 01501nam a2200253 i 4500 | ||
|---|---|---|---|
| 001 | 134745 | ||
| 003 | ES-MaACL | ||
| 005 | 20251012175129.0 | ||
| 007 | t| | ||
| 008 | 070913m19051906sp ||||1| spa d | ||
| 100 | 1 |
_aWeis, Albert Maria. _9116380 |
|
| 245 | 1 | 0 |
_aApología del cristianismo desde el punto de vista de las costumbres y de la civilización / _cAlberto Maria Weis ; obra escrita en alemán y traducida por Dionisio Fierro Gasca. |
| 260 |
_aBarcelona : _bGili, _c1905-1906. |
||
| 300 |
_a10 v. ; _c24 cm. |
||
| 500 | _aFalta el vol. VII. | ||
| 505 | 8 | _aContiene: I-II: El hombre completo III-IV: Humanidad y humanismo / traducido por Eugenio González Mir V-VI: Naturaleza y sobrenaturaleza, espíritu y vida del Cristianismo / traducción de la última edición alemana por el Dr. D. Norberto Font y Sagué VII-VIII: La cuestión social y el orden social. Manual de Sociología / traducción de la última edición alemana, por el Dr. D. Modesto Hernández Villaescusa IX-X: Filosofía de la Perfección. Doctrina de la más elevada empresa moral del hombre / traducción de la última edición alemana, por el Dr. D. Emilio A. Villelga Rodríguez | |
| 700 | 1 |
_aFierro Gasca, Dionisio. _950716 |
|
| 700 | 1 |
_aGonzález Mir, Eugenio. _958813 |
|
| 700 | 1 |
_aFont y Sagué, Norbert, _d1874-1910 _951575 |
|
| 700 | 1 |
_aHernández Villaescusa, Modesto. _963074 |
|
| 700 | 1 |
_aVillelga Rodríguez, Emilio. _9115232 |
|
| 852 |
_aES-MaACL _jA-4801-10 _bR.16762 |
||
| 999 |
_c134745 _d134745 |
||